Human-Computer Interaction. (Record no. 125)

MARC details
005 - DATE AND TIME OF LATEST TRANSACTION
control field 20250616161531.0
020 ## - INTERNATIONAL STANDARD BOOK NUMBER
International Standard Book Number 978-0-13-046109-4
082 ## - DEWEY DECIMAL CLASSIFICATION NUMBER
Classification number 004.019 DIX
100 ## - MAIN ENTRY--PERSONAL NAME
Author name DIX, A
245 ## - TITLE STATEMENT
Title Human-Computer Interaction.
250 ## - EDITION STATEMENT
Edition statement 3rd Ed.
260 ## - PUBLICATION, DISTRIBUTION, ETC.
Place of publication, distribution, etc. London,
Name of publisher, distributor, etc. Pearson Educational Ltd,
Date of publication, distribution, etc. 2004.
300 ## - PHYSICAL DESCRIPTION
Extent xviii, 834.: ill.; figure
Other physical details Index & References
Dimensions 24cm.
700 ## - ADDED ENTRY--PERSONAL NAME
Other authors/Editors FINLAY, J., ABOWD, G. D & BEALE, R.
856 ## - ELECTRONIC LOCATION AND ACCESS
Link text Access Online Book
Electronic name Computer
Path www.pearsoned.co.uk
942 ## - ADDED ENTRY ELEMENTS (KOHA)
Source of classification or shelving scheme Dewey Decimal Classification
Koha item type Books
Holdings
Date last seen Total checkouts Full call number Barcode Cost, replacement price Price effective from Koha item type Lost status Source of classification or shelving scheme Damaged status Not for loan Withdrawn status Home library Current library Shelving location Date acquired Cost, normal purchase price
03/06/2025   004.019 DIX 000000267 942225.00 03/06/2025 Books   Dewey Decimal Classification       College of Business Education Main Library College of Business Education Main Library Special Reserve Collection 03/06/2025 314075.00
03/06/2025   004.019 DIX 000000268 942225.00 03/06/2025 Books   Dewey Decimal Classification       College of Business Education Main Library College of Business Education Main Library General Collection 03/06/2025 314075.00
03/06/2025   004.019 DIX 000000269 942225.00 03/06/2025 Books   Dewey Decimal Classification       College of Business Education Main Library College of Business Education Main Library General Collection 03/06/2025 314075.00
03/06/2025   004.019 DIX 000000270 942225.00 03/06/2025 Books   Dewey Decimal Classification       College of Business Education Main Library College of Business Education Main Library General Collection 03/06/2025 314075.00